[Event "POL-ch blind"]
[Site "Ustron"]
[Date "2019.03.16"]
[Round "7"]
[White "Gadzala, Henryk"]
[Black "Jagiello, Adolf"]
[Result "1/2-1/2"]
[WhiteElo "1464"]
[BlackElo "1243"]
[PlyCount "29"]
[EventDate "2019.03.11"]
[EventType "swiss"]
[EventRounds "9"]
[EventCountry "POL"]
[SourceTitle "EXT 2020"]
[Source "ChessBase"]
[SourceDate "2019.10.17"]
[SourceVersion "1"]
[SourceVersionDate "2019.10.17"]
[SourceQuality "1"]

1. e4 e6 2. d4 d5 3. e5 Nc6 4. Bb5 Bd7 5. Nf3 h6 6. c3 a6 7. Ba4 b5 8. Bc2 Be7 9. 0-0 g5 10. Nfd2 h5 11. h3 Bf8 12. Nb3 Be7 13. Be3 Bc8 14. f4 Bd7 15. Qf3 1/2-1/2

[Event "Rowy op 09"]
[Site "Rowy"]
[Date "2012.09.??"]
[Round "8"]
[White "Jagiello, Adolf"]
[Black "Krupecka Czarkowska, Danuta"]
[Result "1-0"]
[WhiteElo "1459"]
[BlackElo "1364"]
[PlyCount "41"]
[EventDate "2012.09.??"]
[EventType "swiss"]
[EventRounds "9"]
[EventCountry "POL"]
[SourceTitle "EXT 2014"]
[Source "ChessBase"]
[SourceDate "2013.11.20"]
[SourceVersion "1"]
[SourceVersionDate "2013.11.20"]
[SourceQuality "1"]

1. e4 e6 2. d4 d6 3. c4 Nf6 4. Nc3 Be7 5. Bd3 c6 6. Bd2 Bd7 7. f4 Na6 8. a3 h6 9. Nh3 Qb6 10. Ne2 c5 11. Bc3 Ng4 12. Qd2 Nf6 13. 0-0 0-0 14. b3 Qxb3 15. Rfb1 Qa4 16. Rxb7 Qc6 17. Rab1 Nc7 18. e5 Nh7 19. Bc2 d5 20. Qd3 dxc4 21. Qxh7# 1-0

[Event "Rowy op 09"]
[Site "Rowy"]
[Date "2012.09.??"]
[Round "4"]
[White "Juraszewski, Mieczyslaw"]
[Black "Jagiello, Adolf"]
[Result "1-0"]
[WhiteElo "1726"]
[BlackElo "1459"]
[PlyCount "31"]
[EventDate "2012.09.??"]
[EventType "swiss"]
[EventRounds "9"]
[EventCountry "POL"]
[SourceTitle "EXT 2014"]
[Source "ChessBase"]
[SourceDate "2013.11.20"]
[SourceVersion "1"]
[SourceVersionDate "2013.11.20"]
[SourceQuality "1"]

1. d4 d5 2. Nf3 Nc6 3. c4 f6 4. Nc3 e6 5. cxd5 exd5 6. h3 Bb4 7. Bf4 Nge7 8. Rc1 0-0 9. e3 a6 10. Bd3 b5 11. 0-0 Bd6 12. Bxd6 Qxd6 13. a3 Bd7 14. Qe2 Bf5 15. Bxf5 g6 16. Bd3 1-0

[Event "Polanica Zdroj op-E 46th"]
[Site "Polanica Zdroj"]
[Date "2010.08.26"]
[Round "8"]
[White "Peer, Eliezer"]
[Black "Jagiello, Adolf"]
[Result "1-0"]
[WhiteElo "1724"]
[BlackElo "1469"]
[PlyCount "44"]
[EventDate "2010.08.19"]
[EventType "swiss"]
[EventRounds "10"]
[EventCountry "POL"]
[SourceTitle "CBM 138 Extra"]
[Source "ChessBase"]
[SourceDate "2010.10.29"]
[SourceVersion "1"]
[SourceVersionDate "2010.10.29"]
[SourceQuality "1"]

1. e4 e5 2. f4 exf4 3. Nf3 d6 4. Bc4 Bg4 5. 0-0 g5 6. d4 Ne7 7. Bxf7+ Kxf7 8. Nxg5+ Ke8 9. Qxg4 Rg8 10. Qxf4 Bh6 11. Qf7+ Kd7 12. Qe6+ Kc6 13. d5+ Kb6 14. Qxh6 c5 15. Ne6 Qe8 16. Qe3 a5 17. Qb3+ Ka7 18. Nc3 Qd7 19. Nb5+ Ka6 20. Nbc7+ Qxc7 21. Nxc7+ Ka7 22. Nxa8 Kxa8 1-0

[Event "Polanica Zdroj op Seniors 45th"]
[Site "Polanica Zdroj"]
[Date "2009.08.25"]
[Round "8"]
[White "Spychalska, Bozena"]
[Black "Jagiello, Adolf"]
[Result "1-0"]
[WhiteElo "1622"]
[BlackElo "1493"]
[PlyCount "50"]
[EventDate "2009.08.18"]
[EventType "swiss"]
[EventRounds "9"]
[EventCountry "POL"]
[SourceTitle "EXT 2012"]
[Source "ChessBase"]
[SourceDate "2011.11.24"]
[SourceVersion "1"]
[SourceVersionDate "2011.11.24"]
[SourceQuality "1"]

1. e4 e5 2. Nf3 Nc6 3. Bc4 d6 4. h3 Be7 5. d3 Be6 6. Bxe6 fxe6 7. Be3 Nf6 8. c4 d5 9. cxd5 exd5 10. exd5 Nxd5 11. a3 0-0 12. 0-0 b6 13. Qe2 Rf7 14. Nbd2 Nf4 15. Bxf4 exf4 16. Qe4 Qe8 17. Rfe1 Rd8 18. d4 Kh8 19. d5 Nb8 20. b4 Nd7 21. Qc4 Rc8 22. Ne4 h6 23. Qc6 Qd8 24. Nc3 Rf6 25. Qc4 Bd6 1-0

[Event "Polanica Zdroj op Seniors 45th"]
[Site "Polanica Zdroj"]
[Date "2009.08.23"]
[Round "7"]
[White "Jagiello, Adolf"]
[Black "Marko, Stanislaw"]
[Result "0-1"]
[WhiteElo "1493"]
[BlackElo "1964"]
[PlyCount "46"]
[EventDate "2009.08.18"]
[EventType "swiss"]
[EventRounds "9"]
[EventCountry "POL"]
[SourceTitle "EXT 2012"]
[Source "ChessBase"]
[SourceDate "2011.11.24"]
[SourceVersion "1"]
[SourceVersionDate "2011.11.24"]
[SourceQuality "1"]

1. e4 d5 2. exd5 Qxd5 3. Nc3 Qa5 4. Nf3 Bg4 5. Be2 e6 6. d3 c6 7. Bd2 Qc7 8. a3 Nd7 9. h3 Bh5 10. d4 f6 11. Be3 Bf7 12. Bc4 b5 13. Bb3 b4 14. Ne4 Bd6 15. Qd2 bxa3 16. bxa3 Ne7 17. g4 Rd8 18. 0-0 0-0 19. Kg2 e5 20. Nxd6 Qxd6 21. Nh2 Bxb3 22. cxb3 Qd5+ 23. Kg1 Qxb3 0-1

[Event "Polanica Zdroj op Seniors 45th"]
[Site "Polanica Zdroj"]
[Date "2009.08.21"]
[Round "4"]
[White "Jagiello, Adolf"]
[Black "Kwilecki, Andrzej"]
[Result "0-1"]
[WhiteElo "1493"]
[BlackElo "1917"]
[PlyCount "36"]
[EventDate "2009.08.18"]
[EventType "swiss"]
[EventRounds "9"]
[EventCountry "POL"]
[SourceTitle "EXT 2012"]
[Source "ChessBase"]
[SourceDate "2011.11.24"]
[SourceVersion "1"]
[SourceVersionDate "2011.11.24"]
[SourceQuality "1"]

1. e4 e6 2. d4 d5 3. Nc3 Bb4 4. e5 a6 5. Qf3 c5 6. Nge2 cxd4 7. Nxd4 Nc6 8. Nxc6 bxc6 9. a3 Ba5 10. b4 Bb6 11. Na4 Bd4 12. Bb2 Bxb2 13. Nxb2 Rb8 14. Nd3 a5 15. Be2 Ba6 16. 0-0 Bxd3 17. Bxd3 axb4 18. Rfb1 bxa3 0-1

[Event "Wisla op"]
[Site "Wisla"]
[Date "2009.05.05"]
[Round "2"]
[White "Zaboklicki, Zbigniew"]
[Black "Jagiello, Adolf"]
[Result "1-0"]
[WhiteElo "1891"]
[BlackElo "1499"]
[PlyCount "97"]
[EventDate "2009.05.04"]
[EventType "swiss"]
[EventRounds "11"]
[EventCountry "POL"]
[SourceTitle "EXT 2012"]
[Source "ChessBase"]
[SourceDate "2011.11.24"]
[SourceVersion "1"]
[SourceVersionDate "2011.11.24"]
[SourceQuality "1"]

1. d4 d5 2. c4 dxc4 3. Nf3 f6 4. e4 b5 5. a4 c6 6. axb5 cxb5 7. b3 Ba6 8. bxc4 e6 9. cxb5 Bb7 10. Bd3 Bb4+ 11. Bd2 Bxd2+ 12. Nbxd2 Ne7 13. Qb3 Bc8 14. 0-0 0-0 15. Bc4 Kh8 16. Bxe6 Bxe6 17. Qxe6 Nd7 18. Nc4 Nc8 19. Nd6 Nxd6 20. Qxd6 Qe8 21. Rfe1 Nb6 22. Qb4 Rf7 23. d5 Rc8 24. Nd4 Rc4 25. Qd2 Rfc7 26. Ne6 Rd7 27. Nd4 Re7 28. f3 Rb7 29. Nc6 Qa8 30. Qd3 Rd7 31. Ra6 Ra4 32. Rxa4 Nxa4 33. Qd4 Nb6 34. Ra1 Nc8 35. Qc5 h6 36. b6 Rb7 37. Qf8+ Kh7 38. bxa7 Rd7 39. Rb1 Rb7 40. Rc1 Rc7 41. Qd8 Qb7 42. a8Q Qxa8 43. Qxc7 Qa3 44. Nd8 Qe3+ 45. Kh1 Nb6 46. Ne6 Nd7 47. Rg1 Kg6 48. Qxd7 Kh5 49. Qxg7 1-0

[Event "Wisla op"]
[Site "Wisla"]
[Date "2009.05.04"]
[Round "1"]
[White "Jagiello, Adolf"]
[Black "Jelen, Janusz"]
[Result "0-1"]
[WhiteElo "1499"]
[BlackElo "1993"]
[PlyCount "64"]
[EventDate "2009.05.04"]
[EventType "swiss"]
[EventRounds "11"]
[EventCountry "POL"]
[SourceTitle "EXT 2012"]
[Source "ChessBase"]
[SourceDate "2011.11.24"]
[SourceVersion "1"]
[SourceVersionDate "2011.11.24"]
[SourceQuality "1"]

1. e4 c6 2. Nf3 d5 3. e5 Bg4 4. d4 e6 5. Be2 Nd7 6. 0-0 Rc8 7. Nbd2 c5 8. c4 Qc7 9. b3 Ne7 10. h3 Bh5 11. Bb2 Nc6 12. Ba3 dxc4 13. Nxc4 b5 14. Ne3 Bxf3 15. Bxf3 Nxd4 16. b4 Nxf3+ 17. Qxf3 Nxe5 18. Qe2 c4 19. f4 Nd3 20. g3 a5 21. Nc2 axb4 22. Bb2 Nxb2 23. Ne3 Nd3 24. Rad1 Bc5 25. Rf3 Qb6 26. Kg2 0-0 27. Rdf1 Rfd8 28. h4 e5 29. g4 Nxf4+ 30. Rxf4 exf4 31. Rxf4 Bxe3 32. Rf5 Rd2 0-1